000 00326nam a2200133 i 4500
001 bg
100 1 _aKRICZEWSKI, M.
245 0 _aTworzywa sztuczne w naprawach maszyn rolniczych /
_cM. Kriczewski.
260 _aWarszawa,
_c1975.
040 _cBPK
041 _apol
942 _cKS
008 s pl f |000 0 pol
999 _c7721
_d7721
856 _uhttp://koha.tu.koszalin.pl/cgi-bin/koha/opac-detail.pl?biblionumber=7721
_yKatalog online BPK